[Event "GRE-chT Schools Lykeia 16th"]
[Site "Peristeri"]
[Date "2018.03.31"]
[Round "4.3"]
[White "Bichakis, Ioannis"]
[Black "Vlastaris, Nikolaos"]
[Result "0-1"]
[WhiteElo "1279"]
[BlackElo "1164"]
[PlyCount "26"]
[EventDate "2018.03.31"]
[EventType "team-swiss (rapid)"]
[EventRounds "6"]
[EventCountry "GRE"]
[SourceTitle "EXT 2019"]
[Source "ChessBase"]
[SourceDate "2018.10.10"]
[SourceVersion "1"]
[SourceVersionDate "2018.10.10"]
[SourceQuality "1"]

1. e4 e5 2. Nf3 Nc6 3. Bc4 Nf6 4. d3 Bc5 5. 0-0 0-0 6. c3 d6 7. h3 d5 8. exd5 Nxd5 9. Re1 Qd6 10. Nbd2 Bxh3 11. Ne4 Qg6 12. Ng3 Qxg3 13. Kf1 Qxf2# 0-1

[Event "GRE-chT 41st"]
[Site "Achaia"]
[Date "2013.07.03"]
[Round "3.10"]
[White "Vlastaris, Nikolaos"]
[Black "Doudoulakakis, Athanasios"]
[Result "1/2-1/2"]
[WhiteElo "1239"]
[BlackElo "1530"]
[PlyCount "72"]
[EventDate "2013.07.02"]
[EventType "team-swiss"]
[EventRounds "7"]
[EventCountry "GRE"]
[SourceTitle "CBM 155 Extra"]
[Source "ChessBase"]
[SourceDate "2013.08.26"]
[SourceVersion "1"]
[SourceVersionDate "2013.08.26"]
[SourceQuality "1"]
[WhiteTeam "Kavalas OFS"]
[BlackTeam "Thessaloniki HS"]
[WhiteTeamCountry "GRE"]
[BlackTeamCountry "GRE"]

1. c4 e6 2. Nc3 d5 3. d3 dxc4 4. dxc4 Qxd1+ 5. Nxd1 Bb4+ 6. Bd2 Bxd2+ 7. Kxd2 Nf6 8. f3 0-0 9. Nc3 a6 10. Rd1 Rd8+ 11. Kc1 Rxd1+ 12. Kxd1 Nc6 13. e4 e5 14. Be2 Be6 15. Nd5 Bxd5 16. cxd5 Nd4 17. Bd3 Rd8 18. Ne2 Nxe2 19. Kxe2 Kf8 20. Rc1 Rc8 21. b4 Ke7 22. a4 Kd6 23. a5 h6 24. b5 axb5 25. Bxb5 Ng8 26. a6 bxa6 27. Bxa6 Rb8 28. Rc6+ Kd7 29. Rc5 Rb2+ 30. Kf1 Ne7 31. Rb5 Rxb5 32. Bxb5+ c6 33. dxc6+ Nxc6 34. Kf2 Kd6 35. h4 g5 36. hxg5 hxg5 1/2-1/2

[Event "GRE-chT 41st"]
[Site "Achaia"]
[Date "2013.07.02"]
[Round "1.10"]
[White "Argyropoulos, Theodoros"]
[Black "Vlastaris, Nikolaos"]
[Result "1-0"]
[WhiteElo "1357"]
[BlackElo "1239"]
[PlyCount "56"]
[EventDate "2013.07.02"]
[EventType "team-swiss"]
[EventRounds "7"]
[EventCountry "GRE"]
[SourceTitle "CBM 155 Extra"]
[Source "ChessBase"]
[SourceDate "2013.08.26"]
[SourceVersion "1"]
[SourceVersionDate "2013.08.26"]
[SourceQuality "1"]
[WhiteTeam "Nautical Association"]
[BlackTeam "Kavalas OFS"]
[WhiteTeamCountry "GRE"]
[BlackTeamCountry "GRE"]

1. e4 c5 2. Nc3 d6 3. f4 Nd7 4. Nf3 e5 5. f5 Ngf6 6. Bc4 h6 7. 0-0 a6 8. d3 Be7 9. Qe1 b5 10. Bb3 Bb7 11. Qg3 Nh5 12. Bxf7+ Kxf7 13. Qg6+ Kf8 14. Qxh5 Nf6 15. Qh3 Rc8 16. Ng5 Qb6 17. Ne6+ Kg8 18. Qg3 Bf8 19. Nd1 Bc6 20. Ne3 c4 21. Kh1 cxd3 22. cxd3 Re8 23. Ng4 Nxg4 24. Qxg4 Bd7 25. Rf3 Qa5 26. Be3 Rh7 27. Rh3 Kh8 28. Qh5 Kg8 1-0